Countries by Historical Flags #1 - Statistics

General Stats
  • This quiz has been taken 1,383 times
  • The average score is 8 of 10
Answer Stats
Picture Answer % Correct
Qing China (1889-1912)
95%
German Empire (1871-1914)
93%
Empire of Brazil (1822-1870)
90%
Spanish State (1945-1975)
89%
Russian Federation (1991-1993)
87%
South Africa (1928-1994)
74%
Dominion of Canada (1921-1957)
71%
Kingdom of France (1814-1830)
58%
Kazakh Soviet Socialist Republic (1953-1991)
48%
Kingdom of Egypt (1922-1953)
47%
No matching quizzes found
Score Distribution
Percent of People with Each Score
Percentile by Number Answered
Your Score History
You have not taken this quiz